书目信息 |
| 题名: |
一千零一夜
|
|
| 作者: | 纪飞 , 刘乃亚 编译 | |
| 分册: | 下篇 | |
| 出版信息: | 北京 清华大学出版社 2008.05 |
|
| 页数: | 291-585页 | |
| 开本: | 26cm | |
| 丛书名: | 中文导读英文版 | |
| 单 册: | ||
| 中图分类: | H319.4:I | |
| 科图分类: | ||
| 主题词: | 民间故事--min jian gu shi--阿拉伯半岛地区--选集 , 英语--ying yu--语言读物 | |
| 电子资源: | ||
| ISBN: | 978-7-302-17283-3 | |
| 000 | 00900nam 2200277 450 | |
| 005 | 20080927163846.03 | |
| 010 | @a978-7-302-17283-3@dCNY33.00 | |
| 100 | @a20080624d2008 em y0chiy0121 ea | |
| 101 | 0 | @achi@aeng |
| 102 | @aCN@b110000 | |
| 105 | @ay z 000yy | |
| 200 | 1 | @a一千零一夜@Ayi qian ling yi ye@h下篇@f刘乃亚, 纪飞编译 |
| 210 | @a北京@c清华大学出版社@d2008.05 | |
| 215 | @a291-585页@d26cm | |
| 225 | 2 | @a中文导读英文版@Azhong wen dao dU ying wen ban |
| 330 | @a本套书内容包括:小公主、鲁滨逊漂流记、汤姆·索亚历险记、天域魔国、一千零一夜等内容。 | |
| 410 | 0 | @12001 @a中文导读英文版 |
| 510 | 1 | @aHeidi@zeng |
| 606 | 0 | @a民间故事@Amin jian gu shi@y阿拉伯半岛地区@j选集 |
| 606 | 0 | @a英语@Aying yu@j语言读物 |
| 690 | @aH319.4:I@v4 | |
| 701 | 0 | @a纪飞@Aji fei@4编译 |
| 701 | 0 | @a刘乃亚@Aliu nai ya@4编译 |
| 801 | 0 | @aCN@c20080927 |
| 905 | @dH319.4:I@eL650 | |
| 999 | @aLYX | |
| 一千零一夜.下篇/刘乃亚, 纪飞编译.-北京:清华大学出版社,2008.05 |
| 291-585页;26cm.-(中文导读英文版) |
| ISBN 978-7-302-17283-3:CNY33.00 |
| 本套书内容包括:小公主、鲁滨逊漂流记、汤姆·索亚历险记、天域魔国、一千零一夜等内容。 |
| ● |
| 相关链接 |
|
|
|
正题名:一千零一夜
索取号:H319.4:I/L650
 
预约/预借
| 序号 | 登录号 | 条形码 | 馆藏地/架位号 | 状态 | 备注 |
| 1 | 840282 | 208402824 | 语言库209/209语言库 54排3列3层/ [索取号:H319.4:I/L650] | 在馆 | |
| 2 | 840283 | 208402833 | 语言库209/209语言库 54排3列3层/ [索取号:H319.4:I/L650] | 在馆 | |
| 3 | 840284 | 208402842 | 语言库209/209语言库 54排3列3层/ [索取号:H319.4:I/L650] | 在馆 |